000 00343nam a22001457a 4500
999 _c260070
_d260069
003 OSt
005 20230531111632.0
008 230531b xxu||||| |||| 00| 0 eng d
020 _a9789966497099
040 _cN/A
100 _aSaid A Mohamed
245 _aDunia Mti Mkavu
260 _aNairobi
_bLonghorn Publishers
_c2013
942 _2lcc
_cBK